Los magnicidios dominicanos / (Registro nro. 13686)

Detalles MARC
000 -LIDER
fixed length control field 01260nam a2200349 a 4500
001 - NÚMERO DE CONTROL
Identificador de número de control
003 - IDENTIFICACDOR DE NÚMERO DE CONTROL
control field DO-SdBNP
005 - DATE AND TIME OF LATEST TRANSACTION
control field 20210825104856.0
008 - ELEMENTOS DE LONGITUD FIJA
fixed length control field 091202s2011 dr c 001 0 spa d
020 ## - ISBN
International Standard Book Number 9789945004991
040 ## - FUENTE DE CATALOGACIÓN
Agencia que crea de manera original el registro DO-SdBNP
Idioma de catalogación spa
Agencia que realiza la transcripción BPMSU
082 ## - NÚMERO DE CLASIFICACIÓN DECIMAL DE DEWEY
Classification number 972.93
Item number G984m 2011
Edition number 22
100 1# - ASIENTO PRINCIPAL -- NOMBRE PERSONAL
Nombre personal Gutiérrez Félix, Euclides,
Fechas asociadas con el nombre 1936-
245 14 - MENCIÓN DE TITULO
Título Los magnicidios dominicanos /
Mención de responsabilidad Euclides Gutiérrez Félix ; edición Cándido Gerón.
250 ## - MENCIÓN DE EDICION
Mención de edición 2a. ed. actualizada y corregida
260 ## - PUBLICACIÓN, DISTRIBUCIÓN, ETC. (PIE DE IMPRENTA)
Lugar de publicación, distribución, etc Santo Domingo :
Nombre del editor, distribuidor, etc. Corripio,
Fecha de publicación, distribución, etc 2011
300 ## - DESCRIPCIÓN FÍSICA
Extensión 239 p. :
Otros detalles físicos retrs. ;
Dimensiones 23 cm.
500 ## - NOTA GENERAL
Nota general Incluye índice onomástico y notas al pie de las páginas
500 ## - NOTA GENERAL
Nota general Incluye datos biográficos del autor en la solapa de la cubierta
504 ## - NOTA DE BIBLIOGRAFÍA, ETC.
Bibliography, etc Bibliografía: p. 227-231
590 ## - NOTA LOCAL
Enlace Inventariado, 2021/VM
650 #4 - ENCABEZAMIENTO DE MATERIA--TEMÁTICO
Término temático o nombre geográfico como elemento de entrada Dictadores
Subdivisión geográfica República Dominicana
Subdivisión temática general Historia
650 #4 - ENCABEZAMIENTO DE MATERIA--TEMÁTICO
Término temático o nombre geográfico como elemento de entrada Presidentes
Subdivisión geográfica República Dominicana
Subdivisión temática general Historia
650 #4 - ENCABEZAMIENTO DE MATERIA--TEMÁTICO
Término temático o nombre geográfico como elemento de entrada Presidentes
Subdivisión geográfica América Latina
650 #4 - ENCABEZAMIENTO DE MATERIA--TEMÁTICO
Término temático o nombre geográfico como elemento de entrada Dictadores
Subdivisión geográfica América Latina
650 #4 - ENCABEZAMIENTO DE MATERIA--TEMÁTICO
Término temático o nombre geográfico como elemento de entrada Homicidio político
651 #4 - ENCABEZAMIENTO DE MATERIA--NOMBRE GEOGRÁFICO
Nombre geográfico República Dominicana
Subdivisión temática general Historia
651 #4 - ENCABEZAMIENTO DE MATERIA--NOMBRE GEOGRÁFICO
Nombre geográfico República Dominicana
Subdivisión temática general Política Y Gobierno
700 1# - ASIENTO SECUNDARIO -- NOMBRE PERSONAL
Nombre personal Gerón, Candido,
Fechas asociadas con el nombre 1950-
Mención de responsabilidad ed.
910 ## - VALIDACIÓN
Validación VMateo V.
942 ## - ADDED ENTRY ELEMENTS (KOHA)
Source of classification or shelving scheme Dewey Decimal Classification
Koha item type Libros
Existencias
Withdrawn status Lost status Source of classification or shelving scheme Damaged status Not for loan Collection code Home library Current library Date acquired Source of acquisition Total Checkouts Full call number Barcode Date last seen Price effective from Koha item type
    Dewey Decimal Classification     Colección Dominicana Biblioteca Pública Metropolitana Salomé Ureña Biblioteca Pública Metropolitana Salomé Ureña 08/25/2021 BPMSU   BPMSU CD 972.93 G984m 2011 BPMSU21080098 08/25/2021 08/25/2021 Libros